Statistics for VfL Bochum 22/23 squad

Click here to take the quiz!

General Stats

  • This quiz has been taken 58 times
    (11 since last reset)
  • The average score is 19 of 29

Answer Stats

#Player% Correct
8Anthony Losilla
89%
17Gerrit Holtmann
89%
20Ivan Ordets
89%
31Keven Schlotterbeck
89%
1Manuel Riemann
89%
6Patrick Osterhage
89%
33Philipp Hofmann
89%
9Simon Zoller
89%
CoachThomas Letsch
89%
22Christopher Antwi-Adjei
78%
2Cristian Gamboa
78%
3Danilo Soares
78%
4Erhan Mašović
78%
7Kevin Stöger
78%
29Moritz Broschinski
78%
11Takuma Asano
78%
30Dominique Heintz
67%
10Philipp Förster
67%
18Jordi Osei-Tutu
56%
16Konstantinos Stafylidis
56%
21Michael Esser
56%
35Silvère Ganvoula
56%
28Pierre Kunde
44%
24Vasilios Lampropoulos
44%
23Saidy Janko
33%
5Jacek Goralski
22%
25Mohammed Tolba
22%
26Marko Johansson
11%
34Paul Grave
11%

Score Distribution

Percentile by Number Answered

Percent of People with Each Score

Your Score History

You have not taken this quiz since the last reset